Conference League Final Starting XIs 24/25 - Statistics

General Stats
  • This quiz has been taken 26 times
  • The average score is 14 of 22
Answer Stats
Team Pos. Answer % Correct
Chelsea CM Cole Palmer
92%
Chelsea CM Enzo Fernandez
88%
Chelsea DM Moises Caicedo
88%
Chelsea ST Nicolas Jackson
88%
Real Betis RM Antony
83%
Chelsea LB Marc Cucurella
83%
Chelsea GK Filip Jorgensen
79%
Chelsea LM Noni Madueke
79%
Real Betis AM Isco
75%
Chelsea RB Malo Gusto
75%
Chelsea CB Benoit Badiashile
71%
Chelsea RM Pedro Neto
67%
Chelsea CB Trevor Chalobah
67%
Real Betis ST Cedric Bakambu
54%
Real Betis GK Adrian
50%
Real Betis CB Marc Bartra
50%
Real Betis DM Johnny Cardoso
38%
Real Betis DM Pablo Fornals
33%
Real Betis LB Ricardo Rodriguez
33%
Real Betis RB Youssouf Sabaly
33%
Real Betis LM Abdessamad Ezzalzouli
29%
Real Betis CB Natan
29%
No matching quizzes found
Score Distribution
Percent of People with Each Score
Percentile by Number Answered
Your Score History
You have not taken this quiz